[Event "TCh-FRA Top 12 2015"]
[Site "Montpellier FRA"]
[Date "2015.06.01"]
[Round "3.3"]
[Board "5"]
[White "Tranchant, Sebastien"]
[Black "Koch, Jean-Rene"]
[Result "1/2-1/2"]
[BlackTitle "IM"]
[WhiteElo "2275"]
[BlackElo "2452"]
[WhiteTeam "POITIERS-MIGNE"]
[BlackTeam "METZ FISCHER"]
[WhiteFideId "626732"]
[BlackFideId "600148"]
[EventDate "2015.05.30"]

1. d4 d5 2. c4 e6 3. Nc3 Bb4 4. a3 Bxc3+ 5. bxc3 b6 6. cxd5 exd5 7. e3 Ne7 8.
Bd3 Bf5 9. Ne2 Qc8 10. f3 Bxd3 11. Qxd3 Qa6 12. Qd2 f5 13. O-O O-O 14. Nf4 Qc4
15. a4 Rf7 16. a5 Nbc6 17. axb6 cxb6 18. Qc2 Rc8 19. Ra4 Qb5 20. c4 Na5 21. cxb5
Rxc2 22. Ba3 Ra2 23. Rf2 Ra1+ 24. Rf1 Ra2 25. Rf2 Ra1+ 26. Rf1 1/2-1/2

[Event "TCh-FRA Top 12 2015"]
[Site "Montpellier FRA"]
[Date "2015.06.01"]
[Round "3.3"]
[Board "6"]
[White "Taddei, Benoit"]
[Black "Fougerit, Valentin"]
[Result "0-1"]
[WhiteTitle "FM"]
[WhiteElo "2354"]
[BlackElo "2225"]
[WhiteTeam "METZ FISCHER"]
[BlackTeam "POITIERS-MIGNE"]
[WhiteFideId "610151"]
[BlackFideId "634670"]
[EventDate "2015.05.30"]

1. e4 e5 2. Nf3 Nf6 3. d4 Nxe4 4. dxe5 d5 5. Nbd2 Nc5 6. a3 Be7 7. b4 Ne6 8. c4
d4 9. Ne4 a5 10. b5 c5 11. bxc6 bxc6 12. Bd3 Nd7 13. O-O Qc7 14. Qe2 h6 15. Rb1
O-O 16. Ng3 Ndc5 17. Nf5 Rd8 18. Nxe7+ Qxe7 19. Ne1 Nxd3 20. Nxd3 Ba6 21. Qc2
Nc5 22. Bf4 Bc8 23. Nxc5 Qxc5 24. Rb3 Be6 25. Rc1 Rd7 26. Rg3 Kh8 27. Qd3 Rb8
28. h4 Rb2 29. Qf3 Qf8 30. Qxc6 d3 31. Qe4 Re2 32. Qf3 Qd8 33. Qh5 d2 34. Bxh6
g6 35. Qxe2 dxc1=Q+ 36. Bxc1 Rd1+ 37. Kh2 Qxh4+ 38. Rh3 Bxh3 0-1

[Event "TCh-FRA Top 12 2015"]
[Site "Montpellier FRA"]
[Date "2015.06.01"]
[Round "3.3"]
[Board "7"]
[White "Picard, Clement"]
[Black "Terrieux, Kevin"]
[Result "1/2-1/2"]
[BlackTitle "IM"]
[WhiteElo "2180"]
[BlackElo "2439"]
[WhiteTeam "POITIERS-MIGNE"]
[BlackTeam "METZ FISCHER"]
[WhiteFideId "615455"]
[BlackFideId "622591"]
[EventDate "2015.05.30"]

1. e4 e5 2. Nf3 Nc6 3. Bc4 Nf6 4. d3 Be7 5. O-O O-O 6. Re1 d6 7. c3 Bg4 8. h3
Bh5 9. Bb3 d5 10. Nbd2 dxe4 11. dxe4 Bc5 12. Qe2 Bg6 13. Nh4 Nh5 14. Nxg6 hxg6
15. Nf3 Bd6 16. Qd1 1/2-1/2

[Event "TCh-FRA Top 12 2015"]
[Site "Montpellier FRA"]
[Date "2015.06.01"]
[Round "3.3"]
[Board "8"]
[White "Monpeurt, Cyrielle"]
[Black "Leriche, Ines"]
[Result "1-0"]
[WhiteTitle "WFM"]
[WhiteElo "2163"]
[BlackElo "1990"]
[WhiteTeam "METZ FISCHER"]
[BlackTeam "POITIERS-MIGNE"]
[WhiteFideId "677400"]
[BlackFideId "684090"]
[EventDate "2015.05.30"]

1. e4 c5 2. Nf3 g6 3. d4 cxd4 4. Qxd4 Nf6 5. Nc3 Nc6 6. Qa4 d6 7. e5 dxe5 8.
Nxe5 Bg7 9. Nxc6 bxc6 10. Be2 O-O 11. O-O Be6 12. Rd1 Qb6 13. Rb1 Nd5 14. Ne4
Bf5 15. Bd2 a5 16. Ng3 Be6 17. c4 Nb4 18. a3 Na6 19. Be3 Nc5 20. Qc2 Qb3 21. Qc1
Nd7 22. Rd3 Qb7 23. b4 Ne5 24. Rd1 axb4 25. axb4 Ra4 26. Bc5 Rfa8 27. f4 Ng4 28.
Rf1 Nf6 29. f5 Bc8 30. Qe3 e6 31. fxg6 hxg6 32. Rbd1 Nd7 33. Qf4 Nxc5 34. Rd8+
Bf8 35. bxc5 Qe7 36. Rd6 Ra1 37. Rxc6 Bd7 38. Rc7 Rxf1+ 39. Bxf1 Rc8 40. Rxc8
Bxc8 41. Ne4 Bb7 42. Nd6 Qc7 43. Kh1 Ba8 44. h4 Bg7 45. Be2 e5 46. Qf2 Bf8 47.
Qf6 Bg7 48. Qxg7+ 1-0

[Event "TCh-FRA Top 12 2015"]
[Site "Montpellier FRA"]
[Date "2015.06.01"]
[Round "3.4"]
[Board "1"]
[White "Feller, Sebastien"]
[Black "Doettling, Fabian"]
[Result "1/2-1/2"]
[WhiteTitle "GM"]
[BlackTitle "GM"]
[WhiteElo "2626"]
[BlackElo "2588"]
[WhiteTeam "EVRY GRAND ROQUE"]
[BlackTeam "C.E. STRASBOURG"]
[WhiteFideId "634654"]
[BlackFideId "4627253"]
[EventDate "2015.05.30"]

1. d4 d5 2. c4 e6 3. Nf3 Nf6 4. g3 Be7 5. Bg2 O-O 6. O-O dxc4 7. Ne5 Nc6 8. Bxc6
bxc6 9. Nxc6 Qe8 10. Nxe7+ Qxe7 11. Na3 Rd8 12. Qc2 c5 13. dxc5 Qxc5 14. Qxc4
Qxc4 15. Nxc4 Ba6 16. b3 Bxc4 17. bxc4 Rdc8 18. Be3 Rxc4 19. Rfc1 Ra4 20. a3 h6
21. Bc5 Rc8 22. f3 Ra6 23. Kf2 Nd5 24. e4 Rac6 25. exd5 Rxc5 26. Rxc5 Rxc5 27.
dxe6 fxe6 1/2-1/2

[Event "TCh-FRA Top 12 2015"]
[Site "Montpellier FRA"]
[Date "2015.06.01"]
[Round "3.4"]
[Board "3"]
[White "Battaglini, Gabriel"]
[Black "Nataf, Igor-Alexandre"]
[Result "1-0"]
[WhiteTitle "IM"]
[BlackTitle "GM"]
[WhiteElo "2451"]
[BlackElo "2534"]
[WhiteTeam "EVRY GRAND ROQUE"]
[BlackTeam "C.E. STRASBOURG"]
[WhiteFideId "621650"]
[BlackFideId "605492"]
[EventDate "2015.05.30"]

1. d4 Nf6 2. c4 g6 3. Nc3 Bg7 4. e4 d6 5. f3 O-O 6. Be3 c5 7. dxc5 dxc5 8. Qxd8
Rxd8 9. Bxc5 Nc6 10. Nge2 Nd7 11. Be3 Nde5 12. Nf4 Na5 13. Ncd5 Nexc4 14. Bc5 e6
15. Nc7 Bxb2 16. Rd1 Rxd1+ 17. Kxd1 b6 18. Nxa8 bxc5 19. Bxc4 Nxc4 20. Nd3 Bd4
21. Ke2 Na3 22. Nc7 Bd7 23. Rc1 c4 24. Nf2 Ba4 25. Nd1 Bc2 26. Na6 Bd3+ 27. Ke1
Bb6 28. Nb2 Nc2+ 29. Kd1 Ne3+ 30. Kd2 Nf1+ 31. Kc3 Ba5+ 32. Nb4 Ne3 33. Nxd3
cxd3 34. Kxd3 Nxg2 35. Rc8+ Kg7 36. Nc6 Bb6 37. a4 Nf4+ 38. Kc4 Bg1 39. a5 h5
40. a6 h4 41. Rc7 Bxh2 42. Ne5 Ne2 43. Rxf7+ Kg8 44. Rxa7 Bxe5 45. Rd7 Bd4 46.
Rxd4 1-0

[Event "TCh-FRA Top 12 2015"]
[Site "Montpellier FRA"]
[Date "2015.06.01"]
[Round "3.4"]
[Board "4"]
[White "Sebag, Marie"]
[Black "Moussard, Jules"]
[Result "1-0"]
[WhiteTitle "GM"]
[BlackTitle "IM"]
[WhiteElo "2483"]
[BlackElo "2444"]
[WhiteTeam "C.E. STRASBOURG"]
[BlackTeam "EVRY GRAND ROQUE"]
[WhiteFideId "617822"]
[BlackFideId "642908"]
[EventDate "2015.05.30"]

1. e4 e5 2. Nf3 Nc6 3. Bb5 a6 4. Ba4 d6 5. Bxc6+ bxc6 6. d4 exd4 7. Nxd4 c5 8.
Ne2 Nf6 9. Nbc3 Bb7 10. Ng3 g6 11. Bf4 Bg7 12. O-O h5 13. Re1 h4 14. Nf1 Nd7 15.
h3 Ne5 16. Nd5 O-O 17. Nfe3 Rb8 18. Rb1 Re8 19. f3 Bc8 20. Qd2 Be6 21. Red1 c6
22. Nc3 Qa5 23. Qf2 Bxa2 24. Nxa2 Qxa2 25. b3 Bf6 26. Kh1 Rbd8 27. Ra1 Nd3 28.
Qf1 Bxa1 29. Rxa1 Qxa1 30. Qxa1 Nxf4 31. Qf6 Nh5 32. Qxh4 Rd7 33. Nf5 Re6 34. g4
gxf5 35. exf5 Rh6 36. gxh5 f6 37. Kg2 Rg7+ 38. Kf2 Kh7 39. Qe4 Rxh5 40. Qxc6
Rxh3 41. Qxd6 c4 42. b4 Rh6 43. c3 Rg5 44. Qd7+ Kh8 45. Qc8+ Rg8 46. Qxa6 Rh2+
47. Ke3 Re8+ 48. Kf4 Kg7 49. Qa7+ Kf8 50. Qc5+ Re7 51. Kg3 Rh5 52. b5 Rh1 53.
Qc8+ Kg7 54. Qxc4 Kh6 55. Qd4 Rg7+ 56. Kf2 Kh5 57. c4 Rh2+ 58. Ke3 Re7+ 59. Kd3
Rh4 60. Qd8 Re5 61. Qh8+ Kg5 62. Qg7+ Kxf5 63. b6 Rf4 64. Qd7+ Kg5 65. Qc6 Ref5
66. Ke3 Re5+ 67. Kf2 Rd4 68. b7 Rd8 69. f4+ Kxf4 70. Qxf6+ 1-0

[Event "TCh-FRA Top 12 2015"]
[Site "Montpellier FRA"]
[Date "2015.06.01"]
[Round "3.4"]
[Board "5"]
[White "Relange, Eloi"]
[Black "Rozentalis, Eduardas"]
[Result "1/2-1/2"]
[WhiteTitle "GM"]
[BlackTitle "GM"]
[WhiteElo "2468"]
[BlackElo "2529"]
[WhiteTeam "EVRY GRAND ROQUE"]
[BlackTeam "C.E. STRASBOURG"]
[WhiteFideId "600822"]
[BlackFideId "12800023"]
[EventDate "2015.05.30"]

1. d4 Nf6 2. c4 e6 3. Nf3 b6 4. g3 Bb7 5. Bg2 Be7 6. O-O O-O 7. d5 exd5 8. Nh4
c6 9. cxd5 Nxd5 10. Nf5 Nc7 11. e4 d5 12. Nc3 Bf6 13. exd5 cxd5 14. Bf4 Nba6 15.
Re1 Bc8 16. Nd6 Be6 17. Nxd5 Bxd5 18. Bxd5 Nxd5 19. Qxd5 Bxb2 20. Rad1 Nc5 21.
Re8 Rxe8 22. Qxf7+ Kh8 23. Qd5 Qe7 24. Nf7+ Kg8 25. Nh6+ Kh8 26. Nf7+ 1/2-1/2

[Event "TCh-FRA Top 12 2015"]
[Site "Montpellier FRA"]
[Date "2015.06.01"]
[Round "3.4"]
[Board "6"]
[White "Vaisser, Anatoly"]
[Black "Bergez, Luc"]
[Result "1/2-1/2"]
[WhiteTitle "GM"]
[BlackTitle "IM"]
[WhiteElo "2530"]
[BlackElo "2327"]
[WhiteTeam "C.E. STRASBOURG"]
[BlackTeam "EVRY GRAND ROQUE"]
[WhiteFideId "603252"]
[BlackFideId "606600"]
[EventDate "2015.05.30"]

1. d4 d5 2. Bf4 Nf6 3. e3 Bf5 4. f3 e6 5. g4 Bg6 6. h4 h5 7. g5 Nfd7 8. c3 c5 9.
Qb3 Qb6 10. Qxb6 Nxb6 11. Ne2 Nc6 12. b3 f6 13. gxf6 gxf6 14. Rg1 Kf7 15. Bh3
Re8 16. Kd2 1/2-1/2

[Event "TCh-FRA Top 12 2015"]
[Site "Montpellier FRA"]
[Date "2015.06.01"]
[Round "3.4"]
[Board "7"]
[White "Leroy, Didier"]
[Black "Vitoux, Colomban"]
[Result "1/2-1/2"]
[WhiteTitle "IM"]
[BlackTitle "IM"]
[WhiteElo "2277"]
[BlackElo "2391"]
[WhiteTeam "EVRY GRAND ROQUE"]
[BlackTeam "C.E. STRASBOURG"]
[WhiteFideId "610950"]
[BlackFideId "628549"]
[EventDate "2015.05.30"]

1. d4 d5 2. c4 c6 3. Nc3 Nf6 4. Nf3 dxc4 5. a4 e6 6. e3 c5 7. Bxc4 cxd4 8. exd4
Be7 9. O-O O-O 10. Ne5 Nc6 11. Nxc6 bxc6 12. b3 Qa5 13. Qd3 Rd8 14. Rd1 e5 15.
Ne2 exd4 16. Bd2 Qf5 17. Qxf5 Bxf5 18. Ba5 d3 19. Nf4 d2 20. Rxd2 1/2-1/2

[Event "TCh-FRA Top 12 2015"]
[Site "Montpellier FRA"]
[Date "2015.06.01"]
[Round "3.4"]
[Board "8"]
[White "Roos, Louis"]
[Black "Milliet, Sophie"]
[Result "1-0"]
[WhiteTitle "IM"]
[BlackTitle "IM"]
[WhiteElo "2370"]
[BlackElo "2369"]
[WhiteTeam "C.E. STRASBOURG"]
[BlackTeam "EVRY GRAND ROQUE"]
[WhiteFideId "600288"]
[BlackFideId "623725"]
[EventDate "2015.05.30"]

1. Nf3 c5 2. e4 e6 3. d3 Nc6 4. g3 d5 5. Nbd2 g6 6. Bg2 Bg7 7. O-O Nge7 8. Re1
b6 9. c3 a5 10. exd5 exd5 11. Nf1 O-O 12. Bf4 Ra7 13. Rc1 d4 14. c4 a4 15. a3 h6
16. h4 Bf5 17. Rc2 Na5 18. N1h2 Nec6 19. Rce2 Re7 20. Rxe7 Nxe7 21. g4 Bd7 22.
Be5 Bc6 23. Qe2 Nc8 24. Bxg7 Kxg7 25. g5 h5 26. Qe5+ Kg8 27. Qf4 Qd6 28. Ne5
Bxg2 29. Kxg2 Nc6 30. Nhf3 N8e7 31. Qe4 Nxe5 32. Qxe5 Qxe5 33. Nxe5 Nf5 34. Nd7
Nxh4+ 35. Kg3 Nf5+ 36. Kf4 Rd8 37. Nf6+ Kg7 38. Nxh5+ gxh5 39. Kxf5 Rh8 40. Rh1
Re8 41. Rxh5 Re2 42. f4 Rxb2 43. Rh6 Rb3 44. Ke4 Rxa3 45. Rxb6 Ra1 46. Ra6 Re1+
47. Kf5 Re3 48. Rxa4 Rxd3 49. Ra7 Rg3 50. Rd7 Rg1 51. Ke5 Ra1 52. Kd5 Ra5 53.
Kc6 Kg6 54. Kb6 Ra3 55. Kxc5 d3 56. Kb4 Ra8 57. Rxd3 Kf5 58. Rd4 Rb8+ 59. Ka5
Ra8+ 60. Kb5 Rb8+ 61. Kc6 Rb4 62. Kd5 Rb8 63. c5 Rd8+ 64. Kc4 Rc8 65. Kb5 Rb8+
66. Ka6 Rc8 67. Kb6 Rb8+ 68. Kc7 1-0

[Event "TCh-FRA Top 12 2015"]
[Site "Montpellier FRA"]
[Date "2015.06.01"]
[Round "3.5"]
[Board "1"]
[White "Wojtaszek, Radoslaw"]
[Black "Maze, Sebastien"]
[Result "1-0"]
[WhiteTitle "GM"]
[BlackTitle "GM"]
[WhiteElo "2746"]
[BlackElo "2572"]
[WhiteTeam "MULHOUSE PHILIDOR"]
[BlackTeam "C-E BOIS-COLOMBES"]
[WhiteFideId "1118358"]
[BlackFideId "613762"]
[EventDate "2015.05.30"]

1. d4 Nf6 2. c4 g6 3. Nc3 Bg7 4. e4 d6 5. Nf3 O-O 6. Be2 e5 7. O-O Nc6 8. d5 Ne7
9. a4 a5 10. Ne1 Nd7 11. Nd3 b6 12. Nb5 f5 13. f3 Kh8 14. Bd2 Ng8 15. b4 axb4
16. Bxb4 Bh6 17. exf5 gxf5 18. f4 e4 19. Bc3+ Bg7 20. Bxg7+ Kxg7 21. Nb4 Nc5 22.
Nc6 Qd7 23. Ra3 Nf6 24. Ncd4 Kh8 25. Qa1 Rf7 26. Nc2 Kg8 27. Ne3 Kf8 28. Nd4 Ng8
29. g4 fxg4 30. f5 Nf6 31. Ne6+ Ke7 32. Nxg4 Rxa4 33. Nh6 Rxa3 34. Qxa3 Rf8 35.
Qg3 Ke8 36. Qg5 Qe7 37. Bh5+ Kd7 38. Nxf8+ Qxf8 39. Bf7 Ke7 40. Be6 1-0

[Event "TCh-FRA Top 12 2015"]
[Site "Montpellier FRA"]
[Date "2015.06.01"]
[Round "3.5"]
[Board "2"]
[White "Bauer, Christian"]
[Black "Navara, David"]
[Result "1/2-1/2"]
[WhiteTitle "GM"]
[BlackTitle "GM"]
[WhiteElo "2624"]
[BlackElo "2751"]
[WhiteTeam "C-E BOIS-COLOMBES"]
[BlackTeam "MULHOUSE PHILIDOR"]
[WhiteFideId "603767"]
[BlackFideId "309095"]
[EventDate "2015.05.30"]

1. e4 c5 2. Nf3 d6 3. d4 cxd4 4. Nxd4 Nf6 5. Nc3 a6 6. Qf3 g6 7. h3 Bg7 8. Be3
Nc6 9. O-O-O Bd7 10. Nxc6 bxc6 11. e5 dxe5 12. Bc4 O-O 13. Bc5 Rb8 14. Bb3 a5
15. Rhe1 e4 16. Qg3 Re8 17. a4 Qc8 18. Nxe4 Nxe4 19. Rxe4 Be6 20. Rxe6 fxe6 21.
h4 Rd8 22. Rxd8+ Qxd8 23. h5 Kf7 24. Qe3 Qc8 25. h6 Bf6 26. g4 Ke8 27. g5 Bh8
28. Ba3 Qd7 29. Bxe6 Qd4 30. Qf3 c5 31. c3 Qe5 32. Qe3 Rb4 33. Qxe5 Bxe5 34.
cxb4 axb4 35. Bxb4 cxb4 36. a5 Kd8 37. Kc2 Kc7 38. Kb3 Bf4 39. Kxb4 Bxg5 40. Bg8
Bxh6 41. Bxh7 Bd2+ 42. Ka4 Be1 43. f3 g5 44. b4 Kd6 45. Bg6 Bd2 46. Bh5 Be1 47.
Bg6 Bd2 48. Be4 Be1 49. f4 gxf4 50. b5 Kc5 51. a6 1/2-1/2

[Event "TCh-FRA Top 12 2015"]
[Site "Montpellier FRA"]
[Date "2015.06.01"]
[Round "3.5"]
[Board "3"]
[White "Gajewski, Grzegorz"]
[Black "Cornette, Matthieu"]
[Result "1-0"]
[WhiteTitle "GM"]
[BlackTitle "GM"]
[WhiteElo "2648"]
[BlackElo "2590"]
[WhiteTeam "MULHOUSE PHILIDOR"]
[BlackTeam "C-E BOIS-COLOMBES"]
[WhiteFideId "1116207"]
[BlackFideId "620084"]
[EventDate "2015.05.30"]

1. c4 e6 2. g3 d5 3. Bg2 Nf6 4. Nf3 dxc4 5. O-O Nbd7 6. Qc2 Nb6 7. Na3 Bxa3 8.
bxa3 Bd7 9. Bb2 Bc6 10. Ne5 Bxg2 11. Kxg2 Qd5+ 12. f3 O-O 13. Rfd1 Nfd7 14. Ng4
Nc5 15. Rac1 Nca4 16. Ba1 Qc5 17. Qe4 c6 18. Ne3 c3 19. dxc3 f5 20. Qxe6+ Kh8
21. c4 Rae8 22. Qh6 Rg8 23. Rd4 Qe5 24. Qh5 f4 25. Nf5 Qxe2+ 26. Kh3 Nc5 27. Nd6
Re7 28. Qxc5 Rf8 29. Re4 1-0

[Event "TCh-FRA Top 12 2015"]
[Site "Montpellier FRA"]
[Date "2015.06.01"]
[Round "3.5"]
[Board "4"]
[White "Ipatov, Alexander"]
[Black "Sokolov, Andrei1"]
[Result "1-0"]
[WhiteTitle "GM"]
[BlackTitle "GM"]
[WhiteElo "2612"]
[BlackElo "2520"]
[WhiteTeam "C-E BOIS-COLOMBES"]
[BlackTeam "MULHOUSE PHILIDOR"]
[WhiteFideId "14116731"]
[BlackFideId "627089"]
[EventDate "2015.05.30"]

1. d4 Nf6 2. c4 e6 3. g3 d5 4. Nf3 Be7 5. Bg2 O-O 6. O-O dxc4 7. Ne5 Nc6 8. Bxc6
bxc6 9. Nxc6 Qe8 10. Nxe7+ Qxe7 11. Na3 c5 12. dxc5 Qxc5 13. Be3 Qh5 14. f3 Nd5
15. Bf2 c3 16. bxc3 Nxc3 17. Qd3 Nd5 18. Rfc1 a5 19. Rc5 Ba6 20. Qd2 h6 21. Nc2
Qg6 22. Nd4 Ne7 23. Rxa5 Rfd8 24. Qb2 Qf6 25. Rb1 e5 26. Nb3 Nc6 27. Rc5 Nd4 28.
Bxd4 exd4 29. Rd1 Qb6 30. Rxd4 Rxd4 31. Qxd4 Re8 32. e4 Kh7 33. Kf2 Rd8 34. Rd5
Qxd4+ 35. Nxd4 Rb8 36. a4 Rb2+ 37. Ke3 Rxh2 38. Rd7 Bc4 39. Rc7 Be6 40. Nxe6
fxe6 41. Kd4 Ra2 42. Rc4 Ra3 43. f4 Rxg3 44. Rc3 e5+ 45. fxe5 Rg6 46. Kd5 Ra6
47. e6 Kg6 48. e5 Ra5+ 49. Kd6 Rxa4 50. e7 1-0

[Event "TCh-FRA Top 12 2015"]
[Site "Montpellier FRA"]
[Date "2015.06.01"]
[Round "3.5"]
[Board "5"]
[White "Degraeve, Jean-Marc"]
[Black "Miton, Kamil"]
[Result "0-1"]
[WhiteTitle "GM"]
[BlackTitle "GM"]
[WhiteElo "2555"]
[BlackElo "2606"]
[WhiteTeam "MULHOUSE PHILIDOR"]
[BlackTeam "C-E BOIS-COLOMBES"]
[WhiteFideId "600270"]
[BlackFideId "1111914"]
[EventDate "2015.05.30"]

1. e4 c6 2. d4 d5 3. exd5 cxd5 4. c4 Nf6 5. Nc3 e6 6. c5 Be7 7. Nf3 O-O 8. b4
Ne4 9. Qc2 f5 10. Bd3 Nc6 11. a3 Bf6 12. Ne2 e5 13. dxe5 Nxe5 14. Nxe5 Bxe5 15.
Bb2 Bxb2 16. Qxb2 f4 17. Nd4 Qg5 18. Nf3 Qh5 19. O-O-O Bg4 20. Bc2 Nxf2 21.
Bxh7+ Qxh7 22. Qxf2 a5 23. b5 Qh5 24. h3 Bd7 25. a4 Rac8 26. Rhe1 d4 27. Re5
Rxc5+ 0-1

[Event "TCh-FRA Top 12 2015"]
[Site "Montpellier FRA"]
[Date "2015.06.01"]
[Round "3.5"]
[Board "6"]
[White "Duda, Jan-Krzysztof"]
[Black "Ider, Borya"]
[Result "1-0"]
[WhiteTitle "GM"]
[BlackTitle "IM"]
[WhiteElo "2610"]
[BlackElo "2401"]
[WhiteTeam "C-E BOIS-COLOMBES"]
[BlackTeam "MULHOUSE PHILIDOR"]
[WhiteFideId "1170546"]
[BlackFideId "4901134"]
[EventDate "2015.05.30"]

1. e4 e6 2. d4 d5 3. Nc3 h6 4. Bd3 Nc6 5. Nf3 Nb4 6. Bb5+ c6 7. Be2 Nf6 8. e5
Ne4 9. a3 Nxc3 10. bxc3 Na6 11. c4 Be7 12. O-O O-O 13. c3 Nc7 14. Bd3 b6 15. Bb1
h5 16. Qd3 g6 17. Qe3 Re8 18. Bxg6 fxg6 19. Qh6 Rf8 20. Qxg6+ Kh8 21. Qxh5+ Kg8
22. Bh6 1-0

[Event "TCh-FRA Top 12 2015"]
[Site "Montpellier FRA"]
[Date "2015.06.01"]
[Round "3.5"]
[Board "7"]
[White "Riff, Jean-Noel"]
[Black "Shoker, Samy"]
[Result "1/2-1/2"]
[WhiteTitle "GM"]
[BlackTitle "GM"]
[WhiteElo "2488"]
[BlackElo "2484"]
[WhiteTeam "MULHOUSE PHILIDOR"]
[BlackTeam "C-E BOIS-COLOMBES"]
[WhiteFideId "611190"]
[BlackFideId "627143"]
[EventDate "2015.05.30"]

1. e4 g6 2. d4 Bg7 3. Nc3 d6 4. Bg5 a6 5. Nf3 b5 6. a4 b4 7. Ne2 Bb7 8. Ng3 h6
9. Bd2 c5 10. c3 Nc6 11. d5 bxc3 12. Bxc3 Nd4 13. Nxd4 cxd4 14. Bd2 Nf6 15. b4
O-O 16. Bd3 Nd7 17. O-O Ne5 18. Qb3 Qb6 19. Rfc1 Rfc8 20. Bf1 h5 21. h3 d3 22.
Be3 Qd8 23. Rab1 h4 24. Nh1 Rxc1 25. Rxc1 Rc8 1/2-1/2

[Event "TCh-FRA Top 12 2015"]
[Site "Montpellier FRA"]
[Date "2015.06.01"]
[Round "3.5"]
[Board "8"]
[White "Congiu, Mathilde"]
[Black "Choisy, Mathilde"]
[Result "0-1"]
[WhiteTitle "WIM"]
[BlackTitle "WFM"]
[WhiteElo "2259"]
[BlackElo "2182"]
[WhiteTeam "C-E BOIS-COLOMBES"]
[BlackTeam "MULHOUSE PHILIDOR"]
[WhiteFideId "634581"]
[BlackFideId "634565"]
[EventDate "2015.05.30"]

1. e4 c5 2. Nf3 d6 3. Bb5+ Nd7 4. d4 cxd4 5. Qxd4 Nf6 6. O-O e5 7. Qe3 Be7 8.
Nc3 O-O 9. Rd1 Qc7 10. a4 a6 11. Be2 b6 12. Nd2 Nc5 13. Nc4 Be6 14. a5 bxa5 15.
Nxa5 Nb7 16. Nxb7 Qxb7 17. Qd3 Rfc8 18. Rxa6 Bc4 19. Rxa8 Bxd3 20. Rxc8+ Qxc8
21. Bxd3 h6 22. h3 Bd8 23. Be3 Ba5 24. Nd5 Nxd5 25. exd5 f5 26. Ra1 Bd8 27. Ra6
e4 28. Rc6 Qb8 29. Bf1 Bf6 30. b3 Be5 31. Ba6 Qb4 32. Bf1 f4 33. Rc4 Qe1 34. Bb6
e3 35. fxe3 fxe3 36. Rc8+ Kf7 37. Rc7+ Kf6 0-1

[Event "TCh-FRA Top 12 2015"]
[Site "Montpellier FRA"]
[Date "2015.06.01"]
[Round "3.6"]
[Board "1"]
[White "Giri, Anish"]
[Black "Michiels, Bart"]
[Result "1-0"]
[WhiteTitle "GM"]
[BlackTitle "GM"]
[WhiteElo "2776"]
[BlackElo "2536"]
[WhiteTeam "BISCHWILLER"]
[BlackTeam "GRASSE ECHECS"]
[WhiteFideId "24116068"]
[BlackFideId "202967"]
[EventDate "2015.05.30"]

1. c4 c6 2. Nf3 d5 3. e3 Nf6 4. Nc3 e6 5. Qc2 Nbd7 6. b3 Bd6 7. Bb2 O-O 8. Be2
b6 9. Rg1 Bb7 10. g4 e5 11. g5 Ne8 12. h4 Nc7 13. Bd3 g6 14. h5 Nc5 15. Be2 e4
16. Nxe4 Nxe4 17. d3 Bb4+ 18. Kf1 Bc8 19. dxe4 Bh3+ 20. Rg2 Ne6 21. a3 dxe4 22.
Qxe4 Bxg2+ 23. Kxg2 Nxg5 24. Qf4 Nxf3 25. axb4 Ng5 26. hxg6 fxg6 27. Qe5 Kf7 28.
f4 Ne6 29. Bg4 Qe7 30. Rh1 Nxf4+ 31. exf4 Qxe5 32. Bxe5 h5 33. Bf3 Rad8 34. Bxc6
Rd2+ 35. Kf3 Rd3+ 36. Ke4 Rxb3 37. Ra1 Rxb4 38. Rxa7+ Ke6 39. Bd5# 1-0

[Event "TCh-FRA Top 12 2015"]
[Site "Montpellier FRA"]
[Date "2015.06.01"]
[Round "3.6"]
[Board "2"]
[White "Dorfman, Iossif"]
[Black "Naiditsch, Arkadij"]
[Result "1/2-1/2"]
[WhiteTitle "GM"]
[BlackTitle "GM"]
[WhiteElo "2574"]
[BlackElo "2720"]
[WhiteTeam "GRASSE ECHECS"]
[BlackTeam "BISCHWILLER"]
[WhiteFideId "604011"]
[BlackFideId "4650891"]
[EventDate "2015.05.30"]

1. d4 Nf6 2. c4 e6 3. Nf3 d5 4. g3 dxc4 5. Bg2 Nc6 6. Qa4 Nd7 7. Qxc4 Nb6 8. Qb5
a6 9. Qg5 Bb4+ 10. Nc3 Qxg5 11. Bxg5 Na4 12. a3 Nxc3 13. axb4 Nb5 14. Bd2 Ncxd4
15. Nxd4 Nxd4 16. Rc1 Nb5 17. Bf4 c6 18. O-O O-O 19. Rfd1 f6 20. Be3 e5 21. Bb6
Be6 22. Rd3 Rfe8 23. e4 Kf7 24. Bf1 g5 25. f3 Na7 26. Rcd1 Nb5 27. Kf2 Kg6 28.
Ke3 f5 29. exf5+ Bxf5 30. R3d2 g4 31. fxg4 Bxg4 32. Bd3+ e4 33. Be2 Bxe2 34.
Kxe2 Re6 35. Rd7 Rf8 36. Bc5 Rf5 37. Rxb7 e3 38. Rf1 Rd5 39. Rd1 Rf5 40. Rf1 Rd5
41. Rd1 Rf5 1/2-1/2

[Event "TCh-FRA Top 12 2015"]
[Site "Montpellier FRA"]
[Date "2015.06.01"]
[Round "3.6"]
[Board "3"]
[White "Edouard, Romain"]
[Black "Colovic, Aleksandar"]
[Result "1-0"]
[WhiteTitle "GM"]
[BlackTitle "GM"]
[WhiteElo "2627"]
[BlackElo "2466"]
[WhiteTeam "BISCHWILLER"]
[BlackTeam "GRASSE ECHECS"]
[WhiteFideId "633429"]
[BlackFideId "15000729"]
[EventDate "2015.05.30"]

1. d4 d5 2. c4 e6 3. Nc3 Be7 4. Bf4 Nf6 5. Nf3 O-O 6. a3 c5 7. dxc5 Bxc5 8. e3
Nc6 9. Qc2 Qa5 10. Rd1 Be7 11. Be2 e5 12. Nxe5 Nxe5 13. Bxe5 dxc4 14. Bd4 Bf5
15. Qd2 Rac8 16. e4 Be6 17. O-O b6 18. Kh1 Rfd8 19. Qe3 Nd7 20. f4 f6 21. Nd5
Bf8 22. Qg3 Kh8 23. Bg4 Bxg4 24. Qxg4 Qa4 25. e5 Qc6 26. Bc3 Re8 27. Nb4 Bxb4
28. axb4 f5 29. Qxf5 Nf8 30. Rd6 Qb7 31. Rfd1 Qe7 32. Qg4 Rcd8 33. Rxd8 Rxd8 34.
Rxd8 Qxd8 35. e6 Ng6 36. f5 Qf8 37. Qd4 Ne7 38. f6 Nf5 39. fxg7+ Nxg7 40. Qxg7+
Qxg7 41. e7 1-0